| 000 | 00786nam a2200277Ia 4500 | ||
|---|---|---|---|
| 003 | OSt | ||
| 005 | 20221006145809.0 | ||
| 006 | a|||||r|||| 00| 0 | ||
| 007 | ta | ||
| 008 | 221006b |||||||| |||| 00| 0 eng d | ||
| 020 | _c200.00 | ||
| 024 | _a15,968 | ||
| 037 | _cTextual | ||
| 040 |
_aEASL _cEASL _beng |
||
| 041 |
_2eng _aeng |
||
| 082 | _aU8.4.M71, M4 | ||
| 100 |
_aSHAW Robert _9116653 |
||
| 245 | 0 | _aVisits to high Tratary Yarkand and Kashgar and return journey over the Karakoram pass | |
| 260 |
_aHong Kong _bOxford University _c1984 |
||
| 300 |
_a486p. _ccm. |
||
| 490 | _v CEL | ||
| 650 | _a CEL | ||
| 650 |
_aThe tribes of toorkistan and tartary _9655261 |
||
| 942 |
_hU8.4.M71, M4 _cTEXL _2CC |
||
| 999 |
_c1084054 _d1084054 |
||